书目信息 |
| 题名: |
美国西部牛仔研究
|
|
| 作者: | 周钢, 著 | |
| 分册: | ||
| 出版信息: | 北京 人民出版社 2018 |
|
| 页数: | 325页 | |
| 开本: | 24cm | |
| 丛书名: | 国家哲学社会科学成果文库 | |
| 单 册: | ||
| 中图分类: | K712.9 | |
| 科图分类: | ||
| 主题词: | 地方史--di fang shi--美国 | |
| 电子资源: | ||
| ISBN: | 978-7-01-019070-9 | |
| 000 | 01163nam 2200277 45 | |
| 001 | 012001008750 | |
| 005 | 20140102112302.0 | |
| 010 | @a978-7-01-019070-9@b精装@dCNY50.00 | |
| 099 | @aCAL 012018074752 | |
| 100 | @a20180621d2018 em y0chiy50 ea | |
| 101 | 0 | @achi |
| 102 | @aCN@b110000 | |
| 105 | @aah a 000yy | |
| 106 | @ar | |
| 200 | 1 | @a美国西部牛仔研究@Amei guo xi bu niu zi yan jiu@f周钢著 |
| 210 | @a北京@c人民出版社@d2018 | |
| 215 | @a325页@c图, 肖像, 摹真@d24cm | |
| 225 | 2 | @a国家哲学社会科学成果文库@Aguo jia zhe xue she hui ke xue cheng guo wen ku |
| 320 | @a有书目 (第274-286页) | |
| 330 | @a本书由前言、主体四章(马背上的劳工、美国的非裔牛仔、美国的牛仔罢工、牛仔的历史评价与热点论题)和结束语组成。重点研究了美国西部牛仔所处的艰苦工作和生活环境、在牧场里和“赶牛小道”上艰辛的劳作、所经历的各种凶险、长时间的鞍马劳顿、他们所受的经济剥削和政治上的限制,以及他们对美国的西部开发和美国现代化所做的巨大贡献。 | |
| 410 | 0 | @12001 @a国家哲学社会科学成果文库 |
| 606 | 0 | @a地方史@Adi fang shi@y美国 |
| 690 | @aK712.9@v5 | |
| 701 | 0 | @a周钢,@Azhou gang@f1945-@4著 |
| 801 | 2 | @aCN@b上海新华@c20191020 |
| 905 | @b1185684-7@dK712.9@e55@f4 | |
| 美国西部牛仔研究/周钢著.-北京:人民出版社,2018 |
| 325页:图, 肖像, 摹真;24cm.-(国家哲学社会科学成果文库) |
| ISBN 978-7-01-019070-9(精装):CNY50.00 |
| 本书由前言、主体四章(马背上的劳工、美国的非裔牛仔、美国的牛仔罢工、牛仔的历史评价与热点论题)和结束语组成。重点研究了美国西部牛仔所处的艰苦工作和生活环境、在牧场里和“赶牛小道”上艰辛的劳作、所经历的各种凶险、长时间的鞍马劳顿、他们所受的经济剥削和政治上的限制,以及他们对美国的西部开发和美国现代化所做的巨大贡献。 |
| ● |
| 相关链接 |
|
|
|
|
正题名:美国西部牛仔研究
索取号:K712.9/55
 
预约/预借
| 序号 | 登录号 | 条形码 | 馆藏地/架位号 | 状态 | 备注 |
| 1 | 1185684 | 211856847 | 第二样本阅览室/ [索取号:K712.9/55] | 在馆 | |
| 2 | 1185685 | 211856856 | 第二借阅区/ [索取号:K712.9/55] | 在馆 | |
| 3 | 1185686 | 211856865 | 第二借阅区/ [索取号:K712.9/55] | 在馆 | |
| 4 | 1185687 | 211856874 | 第二借阅区/ [索取号:K712.9/55] | 在馆 |